书目信息 |
| 题名: |
哲学诗话
|
|
| 作者: | ;江苏人民出版社 编 | |
| 分册: | ||
| 出版信息: | 南京 江苏人民出版社 1959 |
|
| 页数: | 97页 | |
| 开本: | 19cm | |
| 丛书名: | ||
| 单 册: | ||
| 中图分类: | B-49 | |
| 科图分类: | ||
| 主题词: | 哲学--通俗读物 | |
| 电子资源: | ||
| ISBN: | T2100.22 | |
| 000 | 00621nam0 2200229 450 | |
| 001 | 0109271072 | |
| 005 | 20100713021629.0 | |
| 010 | @aT2100.22@dCNY0.34 | |
| 091 | @aT2100.22@d¥0.34 | |
| 100 | @a19960117d1959 em y0chiy0110 ea | |
| 101 | 0 | @achi |
| 102 | @aCN@b320000 | |
| 105 | @af z 000yy | |
| 106 | @ar | |
| 200 | 1 | @a哲学诗话@9Zhe Xue Shi Hua @f江苏人民出版社编 |
| 210 | @a南京@c江苏人民出版社@d1959 | |
| 215 | @a97页@c图@d19cm | |
| 606 | 0 | @a哲学@x通俗读物 |
| 690 | @aB-49@v3 | |
| 711 | 02 | @a江苏人民出版社@9jiang su ren min chu ban she@4编 |
| 801 | 0 | @aCN@b91MARC@c20130904 |
| 905 | @aBZT@dB@e15@f2@sB/15 | |
| 哲学诗话/江苏人民出版社编.-南京:江苏人民出版社,1959 |
| 97页:图;19cm |
| ISBN T2100.22:CNY0.34 |
| ● |
| 相关链接 |
|
|
|
正题名:哲学诗话
索取号:B/15
 
预约/预借
| 序号 | 登录号 | 条形码 | 馆藏地/架位号 | 状态 | 备注 |
| 1 | 2000079208 | 2000079208 | 旧书回溯/ [索取号:B/15] | 在馆 | |
| 2 | 2000115779 | 2000115779 | 旧书回溯/ [索取号:B/15] | 在馆 |